Guess the Pulp song - Statistics

General Stats
  • This quiz has been taken 180 times
  • The average score is 7 of 11
Answer Stats
Hint Answer % Correct
She came from Greece she had a thirst for knowledge / She studied sculpture at Saint Martin's College Common People
99%
Deborah, do you recall? / Your house was very small / With woodchip on the wall Disco 2000
94%
And she was with some kid called David / And from the garage up the road Babies
89%
He changed his mind last Monday, / So you've gotta leave by Sunday, yeah. Lipgloss
59%
The lift is always full of piss / The fifth floor landing smells of fish Mile End
59%
Well at least there's someone there that you can talk to / And you never have to face up to the night on your own Do You Remember The First Time?
57%
Stomach in / Chest out / On your marks / Get set, go Monday Morning
54%
No big deal, so give us all a feel / Funny how it all falls away. Help The Aged
50%
And tell me when the spaceship lands 'cause all this has just got to mean something-ing Sorted For E's & Wizz
50%
He's got your heart / You got his soul / You might as well know Pink Glove
48%
And the clock is saying, / It's half past four but you know, / I want to stay a little more. Acrylic Afternoons
31%
No matching quizzes found
Score Distribution
Percent of People with Each Score
Percentile by Number Answered
Your Score History
You have not taken this quiz